000 00634nam a2200205Ia 4500
008 200601s9999 xx 000 0 und d
020 _a978-1-59695-017-7
050 _aREF PE 1628
050 _b.W43 2006
245 0 _aWebster's dictionary & thesaurus for students :
245 0 _bwith full-color world atlas /
260 _aSpringfield, Massachusetts :
260 _bFederal Street Press.
260 _c2006
300 _a819 pages :
300 _billustrations (some color) ;
300 _c24 cm.
650 _aEnglish language -- Dictionaries.
650 _xEnglish language -- Synonyms and Antonyms -- Dictionaries.
999 _c363402
_d363402